Manual on radiation dosimetry / (Record no. 193614)
[ view plain ]
| 000 -LEADER | |
|---|---|
| fixed length control field | 00529 a2200169 4500 |
| 003 - CONTROL NUMBER IDENTIFIER | |
| control field | Nust |
| 005 - DATE AND TIME OF LATEST TRANSACTION | |
| control field | 20221202110213.0 |
| 040 ## - CATALOGING SOURCE | |
| Transcribing agency | Nust |
| 082 ## - DEWEY DECIMAL CLASSIFICATION NUMBER | |
| Classification number | 539.2,MAN |
| 100 ## - MAIN ENTRY--PERSONAL NAME | |
| Personal name | Niels W. Holm |
| 9 (RLIN) | 103984 |
| 110 ## - MAIN ENTRY--CORPORATE NAME | |
| Corporate name or jurisdiction name as entry element | Roger J. Berry |
| 9 (RLIN) | 103985 |
| 245 ## - TITLE STATEMENT | |
| Title | Manual on radiation dosimetry / |
| Statement of responsibility, etc. | edited by Niels W. Holm, Roger J. Berry |
| 260 ## - PUBLICATION, DISTRIBUTION, ETC. | |
| Place of publication, distribution, etc. | New York |
| Name of publisher, distributor, etc. | Dekker |
| Date of publication, distribution, etc. | 1970 |
| 300 ## - PHYSICAL DESCRIPTION | |
| Extent | xvi, 450 p |
| 505 ## - FORMATTED CONTENTS NOTE | |
| Formatted contents note | General Aspects Of Radiation Dosimetry (Page-1), Procedures In Radiation Dosimetry (Page-313). |
| 942 ## - ADDED ENTRY ELEMENTS (KOHA) | |
| Source of classification or shelving scheme | |
| Koha item type | Book |
| Call number prefix | 539.2,MAN |
| Withdrawn status | Lost status | Source of classification or shelving scheme | Damaged status | Not for loan | Permanent Location | Current Location | Shelving location | Date acquired | Full call number | Barcode | Date last seen | Price effective from | Koha item type | Public note |
|---|---|---|---|---|---|---|---|---|---|---|---|---|---|---|
| Military College of Signals (MCS) | Military College of Signals (MCS) | General Stacks | 12/12/2016 | 539.2,MAN | MCS6940 | 12/08/2016 | 12/12/2016 | Book | Almirah No.16, Shelf No.6 |
